[Event "Bled op (Women)"]
[Site "Bled"]
[Date "1992.??.??"]
[Round "8"]
[White "Grinfeld, Alla B"]
[Black "Licina, Anita"]
[Result "1-0"]
[WhiteElo "2230"]
[BlackElo "2025"]

1.e4 c5 2.Nf3 Nc6 3.d4 cxd4 4.Nxd4 Nf6 5.Nc3 d6 6.Bg5 e6 7.Qd2 Be7 8.O-O-O O-O
9.Nb3 a6 10.Bxf6 gxf6 11.f4 Kh8 12.f5 b5 13.g3 b4 14.Ne2 e5 15.Kb1 a5 16.g4 a4
17.Nbc1 Ra5 18.Rg1 Bb7 19.Rg3 Rg8 20.Bg2 Qa8 21.Bf3 b3 22.cxb3 axb3 23.a3 Nd4
24.Nxd4 exd4 25.Qxd4 Ra4 26.Qd3 Bxe4 27.Bxe4 Rxe4 28.h3 Re5 29.Nxb3 d5 30.Qc2 Rc8
31.Rc3 Rb8 32.Ka2 Bb4 33.Rcd3 Rc8 34.Qg2 Rd8 35.Rd4 Be7 36.Qd2 Rd7 37.Rd3 Qa6
38.Qa5 Qc4 39.Rd4 Qc6 40.Rc1 Qd6 41.Qa8+ Rd8 42.Rc8 Rxc8 43.Qxc8+ Kg7 44.Qb7 Re2
45.Nd2 Re5 46.Qb5 Qc5 47.Qxc5 Bxc5 48.Rd3 Ba7 49.b4 Kf8 50.Kb3 Ke7 51.a4 Re3
52.Kc2 Re5 53.Kc3 Re3 54.Kc2 Re5 55.a5 d4 56.Kb3 Re3 57.Kc4 Kd6 58.Nb3 Rxd3
59.Kxd3 Kd5 60.b5 Bb8 61.b6 Bd6 62.a6 Kc6 63.a7 Kb7 64.Nxd4  1-0

[Event "Bogota Lat Cup"]
[Site "Bogota"]
[Date "1992.??.??"]
[Round "10"]
[White "Henao, Raul Fernando"]
[Black "Rodriguez, Amador"]
[Result "1/2-1/2"]
[WhiteElo "2410"]
[BlackElo "2490"]

1.e4 c5 2.Nf3 d6 3.d4 cxd4 4.Nxd4 Nf6 5.Nc3 Nc6 6.Bg5 e6 7.Qd2 a6 8.O-O-O Bd7
9.f4 Qc7 10.Nf3 O-O-O 11.Kb1 Be7 12.Bxf6 gxf6 13.g3 Kb8 14.f5 Rc8 15.Nd4 Nxd4
16.Qxd4 Qc5 17.Bh3 h5 18.Qd3 Qe5 19.Qf3 Rc5 20.Rhe1 h4 21.Bg4 hxg3 22.hxg3 Rhc8
23.Re3 Bd8 24.fxe6 fxe6 25.Qf4 R8c6 26.Red3 Ba5 27.Ne2 Bc7 28.Nd4  1/2-1/2

[Event "SWE-chB"]
[Site "Borlange"]
[Date "1992.??.??"]
[Round "1"]
[White "Moberg, Karl Johan"]
[Black "Wikner, Arvid"]
[Result "0-1"]
[WhiteElo "2320"]
[BlackElo "2280"]

1.e4 c5 2.Nf3 d6 3.d4 cxd4 4.Nxd4 Nf6 5.Nc3 Nc6 6.Bg5 e6 7.Qd2 Be7 8.O-O-O O-O
9.Nb3 Qb6 10.f3 Rd8 11.Kb1 Qc7 12.Bf4 a6 13.g4 Ne5 14.g5 Nfd7 15.Qg2 b5 16.Bc1 Bb7
17.f4 Nc4 18.Bxc4 Qxc4 19.Na5 Qc7 20.Nxb7 Qxb7 21.Ne2 Nc5 22.Ng3 a5 23.h4 a4  0-1

[Event "SWE-chB"]
[Site "Borlange"]
[Date "1992.??.??"]
[Round "2"]
[White "Moberg, Karl Johan"]
[Black "Hjelm, Niclas"]
[Result "1-0"]
[WhiteElo "2320"]
[BlackElo "2320"]

1.e4 c5 2.Nf3 d6 3.d4 cxd4 4.Nxd4 Nf6 5.Nc3 Nc6 6.Bg5 e6 7.Qd2 a6 8.O-O-O h6
9.Be3 Be7 10.f4 Nxd4 11.Bxd4 b5 12.Be2 b4 13.Na4 Nxe4 14.Qe3 Nf6 15.Bf3 d5
16.g4 O-O 17.Kb1 Ne8 18.h4 Nd6 19.Nb6 Rb8 20.f5 Bf6 21.Nxc8 Bxd4 22.Rxd4 Qxc8
23.f6 Nc4 24.Rxc4 Qxc4 25.fxg7 Rfc8 26.Rc1 Kxg7 27.g5 hxg5 28.hxg5 Qc7 29.g6 fxg6
30.Qxe6 Re8 31.Qxa6 Rbc8 32.Qd3 Qc4 33.Qd2 d4 34.Rh1 Rh8 35.Rg1 Rce8 36.Qg2 Qf7
37.Be4 Rh6 38.Bd3 Re7 39.Qd2 Qf6 40.Qxb4 Qe5 41.a4 Qe3 42.Ka2 Ra7 43.Rf1 Rf7
44.Rxf7+ Kxf7 45.a5  1-0

[Event "SWE-ch"]
[Site "Borlange"]
[Date "1992.??.??"]
[Round "2"]
[White "Hermansson, Emil"]
[Black "Degerman, Lars"]
[Result "0-1"]
[WhiteElo "2315"]
[BlackElo "2460"]

1.e4 c5 2.Nf3 Nc6 3.d4 cxd4 4.Nxd4 Nf6 5.Nc3 d6 6.Bg5 e6 7.Qd2 a6 8.O-O-O h6
9.Be3 Be7 10.f4 Bd7 11.h3 b5 12.Bd3 Nxd4 13.Bxd4 b4 14.Ne2 e5 15.Be3 Qa5
16.Kb1 O-O 17.g4 Rfd8 18.Ng3 d5 19.Qe2 dxe4 20.Nxe4 Bc6 21.Nxf6+ Bxf6 22.Rhg1 exf4
23.Bxf4 Bd5 24.Bc4 Rac8 25.Bxd5 Rxd5 26.Rxd5 Qxd5 27.Rd1 Qc5 28.Bd6 Qb6 29.Bf4 Qc6
30.Bc1 a5 31.Rd3 a4 32.Qd1 Qc4 33.Be3 Qe4 34.Bd4 b3 35.axb3 axb3 36.Bc3 Bxc3
37.bxc3 bxc2+ 38.Qxc2 Rb8+ 39.Kc1 Qc4 40.Qd2 Kh7 41.Rf3 Kg8 42.Rd3 Qc7 43.Rd4 Qa5
44.Rb4 Rc8 45.Kb2 Ra8 46.Qf4 Qa2+ 47.Kc1 Rc8 48.Rb8 Qa1+ 49.Kd2 Qxc3+ 50.Ke2 Rxb8
51.Qxb8+ Kh7 52.Qf4 Qc2+ 53.Kf3 f6 54.h4 h5 55.gxh5 Qd1+ 56.Kg3 Qxh5 57.Qd4 Qe5+
58.Qxe5 fxe5 59.Kf3 Kg6 60.Ke4 Kh5  0-1

[Event "Bratislava op"]
[Site "Bratislava"]
[Date "1992.??.??"]
[Round "3"]
[White "Slekys, Emilis"]
[Black "Obodchuk, Andrei"]
[Result "1-0"]
[WhiteElo "2340"]
[BlackElo "2395"]

1.e4 c5 2.Nf3 d6 3.d4 cxd4 4.Nxd4 Nf6 5.Nc3 Nc6 6.Bg5 Bd7 7.Nb3 e6 8.Qd2 a6
9.O-O-O b5 10.f4 b4 11.Bxf6 gxf6 12.Ne2 a5 13.Nbd4 Qb6 14.Nxc6 Qxc6 15.Qd3 Qc5
16.Kb1 a4 17.Qd4 Bc6 18.Qxc5 dxc5 19.Ng3 Bh6 20.Nh5 Ke7 21.Re1 Rhd8 22.Bd3 b3
23.Re3 Rd4 24.axb3 axb3 25.cxb3 Rxd3 26.Rxd3 Bxe4 27.Kc2 Rg8 28.Rg1 Bg6 29.Kc3 Bxd3
30.Kxd3 e5 31.g3 Rd8+ 32.Ke4 Ke6 33.Ra1 Rd4+ 34.Kf3 e4+ 35.Ke3 f5 36.Ke2 Rd6
37.Ra5 Rc6 38.Ke3 Kd5 39.b4 Bf8 40.b3 Rh6 41.Ra8 Bd6 42.Ng7 cxb4 43.Rd8 Rf6
44.Ne8 Rg6 45.Rd7 Kc6 46.Rxf7 Bc5+ 47.Ke2 Re6 48.Rf6 Rxf6 49.Nxf6 h6 50.g4 fxg4
51.Nxg4 Kd5 52.Nxh6 Kd4 53.Ng4 Kc3 54.Nf6 Kxb3 55.Nxe4 Bg1 56.h4 Kc2 57.f5 b3
58.Nd2 b2 59.Nc4 b1=N 60.f6 Nc3+ 61.Kf3 Bc5 62.Ne5 Nd5 63.f7 Nf6 64.Kf4 Kd2
65.Kf5 Nh5 66.Kg5 Ng3 67.Kg4 Ne4 68.Nd7 Be7 69.h5 Nd6 70.f8=Q Bxf8 71.Nxf8 Nf7
72.Nd7 Ke3 73.Kf5 Nh6+ 74.Kg5 Nf7+ 75.Kg6 Nh8+ 76.Kg7 Kf4 77.h6 Kf5 78.Nf8 Kg5
79.h7  1-0

[Event "Brno"]
[Site "Brno"]
[Date "1992.??.??"]
[Round "6"]
[White "Hracek, Zbynek"]
[Black "Popovic, Petar"]
[Result "1/2-1/2"]
[WhiteElo "2480"]
[BlackElo "2535"]

1.e4 c5 2.Nf3 d6 3.d4 cxd4 4.Nxd4 Nf6 5.Nc3 Nc6 6.Bg5 e6 7.Qd2 a6 8.O-O-O Bd7
9.f4 b5 10.Bxf6 gxf6 11.Kb1 Qb6 12.Nxc6 Bxc6 13.Qe1 Be7 14.f5 Qc5 15.fxe6 fxe6
16.Bd3 Kf7 17.Rf1 Rag8 18.Rd2 b4 19.Nd1 a5 20.Rdf2  1/2-1/2

[Event "Bucaramanga"]
[Site "Bucaramanga"]
[Date "1992.??.??"]
[Round "?"]
[White "Rodriguez, Amador"]
[Black "Martin del Campo, Roberto"]
[Result "0-1"]
[WhiteElo "2495"]
[BlackElo "2410"]

1.e4 c5 2.Nf3 d6 3.d4 cxd4 4.Nxd4 Nf6 5.Nc3 Nc6 6.Bg5 a6 7.Qd2 Nxd4 8.Qxd4 e5
9.Qd2 Be6 10.O-O-O Rc8 11.Kb1 Rc6 12.f3 Be7 13.h4 O-O 14.g4 b5 15.Be3 d5
16.g5 Nxe4 17.Nxe4 dxe4 18.Qxd8 Rxd8 19.Rxd8+ Bxd8 20.fxe4 Bb6 21.Bxb6 Rxb6
22.Be2 Rd6 23.Rd1 Rxd1+ 24.Bxd1 f6 25.gxf6 g6 26.c3 Kf7 27.a4 Kxf6 28.axb5 axb5
29.Kc2 g5 30.hxg5+ Kxg5 31.Be2 Bc4 32.Bd3 h5 33.b3 Bxd3+ 34.Kxd3 Kf4  0-1

[Event "Bucharest-B"]
[Site "Bucharest"]
[Date "1992.??.??"]
[Round "?"]
[White "Munteanu, Alexandru"]
[Black "Moldovan, Daniel"]
[Result "1/2-1/2"]
[WhiteElo "2330"]
[BlackElo "2435"]

1.e4 c5 2.Nf3 Nc6 3.d4 cxd4 4.Nxd4 Nf6 5.Nc3 d6 6.Bg5 e6 7.Qd2 a6 8.O-O-O h6
9.Be3 Nxd4 10.Bxd4 b5 11.f3 b4 12.Ne2 Qa5 13.Kb1 e5 14.Be3 Be6 15.Nc1 d5
16.exd5 Nxd5 17.Nb3 Qc7 18.Qf2 Be7 19.Bc5 O-O 20.Bc4 Nf4 21.Bxe6 Nxe6 22.Bxe7 Qxe7
23.Rhe1 Qc7 24.Rd5 f6 25.Red1 Rfd8 26.Rxd8+ Rxd8 27.Rxd8+ Qxd8 28.Qd2 Qb6
29.Qd5 Kh7 30.Qe4+ g6 31.a3 bxa3 32.bxa3 h5 33.Kb2 Nd4 34.Qd5 Nxb3 35.Qxb3 Qd4+
36.c3 Qf2+ 37.Qc2 Qc5 38.Qd2 Qb5+ 39.Ka2 f5 40.Qg5 Qd5+ 41.Kb2 Qe6 42.h4 e4
43.Qe3 Kg8 44.fxe4 fxe4 45.Qa7 Qc6 46.Qb8+ Kf7 47.Qf4+ Ke6 48.Qe3 Qc4 49.Qh3+ Kf6
50.Qe3 Kf7 51.Qa7+ Ke6 52.Qe3 Qb5+ 53.Kc2 Qd5 54.Kb2 Qc6 55.Qh3+ Kd5 56.Qe3 Qc5
57.Qg5+ Kc4 58.Qxg6 Qf2+ 59.Kc1 Qe1+ 60.Kc2 Qe2+ 61.Kc1 Kxc3 62.Qf6+ Kb3
63.Qb6+ Kxa3 64.Qa5+ Kb3 65.Qb6+ Kc3 66.Qa5+ Kd4 67.Qb6+ Kd3 68.Qb3+ Kd4
69.Qb6+ Kc3 70.Qa5+ Kb3 71.Qb6+ Qb5 72.Qe3+ Kb4 73.Qe1+ Kc5 74.Qf2+ Kd5 75.Qf5+ Kd4
76.Qf6+ Kd3 77.Qd6+ Kc3 78.Qa3+ Kc4 79.Qe3 Qe5 80.Qe2+ Kb3 81.Qxa6 e3 82.Qb6+ Kc4
83.Qa6+ Kd5 84.Qb5+ Ke4 85.Qxe5+ Kxe5 86.Kd1 Kf5 87.Ke2 Ke4 88.g3 Kd4 89.g4 hxg4
90.h5 g3 91.h6 g2 92.h7  1/2-1/2

[Event "Bucharest-B"]
[Site "Bucharest"]
[Date "1992.??.??"]
[Round "?"]
[White "Miulescu, Gabriel"]
[Black "Stefanov, Parik"]
[Result "1-0"]
[WhiteElo "2365"]
[BlackElo "2335"]

1.e4 c5 2.Nf3 d6 3.d4 cxd4 4.Nxd4 Nf6 5.Nc3 Nc6 6.Bg5 e6 7.Qd2 a6 8.O-O-O Bd7
9.f4 b5 10.Nxc6 Bxc6 11.Bxf6 gxf6 12.Qe1 Qe7 13.Bd3 h5 14.Kb1 h4 15.Ne2 Bb7
16.Qf2 Qc7 17.f5 Qc5 18.Qe1 Qe5 19.Nd4 Be7 20.Nf3 Qf4 21.fxe6 fxe6 22.Rf1 Qg4
23.Nd4 Rc8 24.h3 Qg8 25.Rf4 Kd7 26.Rg4 Qf7 27.Rxh4 Rhg8 28.Be2 Rc5 29.Rg4 Rgc8
30.Qg3 Bf8 31.Bd3 Kc7 32.Rf1 e5 33.Nb3 Rc6 34.Rg6 Be7 35.Rg7 Qe6 36.Qg6 Kb8
37.Qh7 R6c7 38.Be2  1-0

[Event "Spring op"]
[Site "Budapest"]
[Date "1992.??.??"]
[Round "?"]
[White "Shmuter, Leonid"]
[Black "Grabics, Monika"]
[Result "1-0"]
[WhiteElo "2435"]
[BlackElo "2095"]

1.e4 c5 2.Nf3 Nc6 3.d4 cxd4 4.Nxd4 Nf6 5.Nc3 d6 6.Bg5 e6 7.Qd2 a6 8.O-O-O h6
9.Be3 Bd7 10.f4 Be7 11.Bd3 b5 12.Kb1 Rc8 13.h3 Nxd4 14.Bxd4 Bc6 15.Qe3 b4
16.Ne2 O-O 17.g4 Nd7 18.Qg3 Bh4 19.Qg2 Qa5 20.Ng3 Nc5 21.Nh5 e5 22.Be3 Na4
23.g5 exf4 24.gxh6 Qg5 25.Qxg5 Bxg5 26.hxg7 Rfe8 27.Bd4 Bxe4 28.Bxe4 Rxe4
29.h4 Be7 30.Rhe1 d5 31.Nxf4 Rxf4 32.Rxe7 Rxh4 33.Ree1 Rh2 34.Rh1 Rcxc2 35.Rxh2 Rxh2
36.Re1 Kh7 37.g8=Q+ Kxg8 38.Re8+  1-0

[Event "Spring op"]
[Site "Budapest"]
[Date "1992.??.??"]
[Round "?"]
[White "Dvoirys, Semen I"]
[Black "Makarov, Marat"]
[Result "1/2-1/2"]
[WhiteElo "2515"]
[BlackElo "2480"]

1.e4 c5 2.Nf3 Nc6 3.d4 cxd4 4.Nxd4 Nf6 5.Nc3 d6 6.Bg5 e6 7.Qd2 a6 8.O-O-O h6
9.Be3 Be7 10.f4 Nxd4 11.Bxd4 b5 12.Bd3 b4 13.Ne2 Qa5 14.Kb1 e5 15.Be3 Be6
16.b3 Ng4 17.f5 Bd7 18.Ng3 Nf6 19.Qe2 Bb5 20.Bc1 O-O 21.Nh5 Nxh5 22.Qxh5 Rfc8
23.Rhf1 Qc7 24.Qe2 Bf6 25.Bb2 Bxd3 26.Rxd3  1/2-1/2

[Event "Spring op"]
[Site "Budapest"]
[Date "1992.??.??"]
[Round "?"]
[White "Sziraki, Tamas"]
[Black "Makarov, Marat"]
[Result "0-1"]
[WhiteElo "2210"]
[BlackElo "2480"]

1.e4 c5 2.Nf3 Nc6 3.d4 cxd4 4.Nxd4 Nf6 5.Nc3 d6 6.Bg5 e6 7.Qd2 a6 8.O-O-O h6
9.Be3 Be7 10.f3 Nxd4 11.Bxd4 b5 12.Kb1 Rb8 13.e5 dxe5 14.Bxe5 Qxd2 15.Rxd2 Rb7
16.a4 Bd7 17.axb5 axb5 18.Bd3 O-O 19.Ne4 Nd5 20.Bd6 Bxd6 21.Nxd6 Ra7 22.c3 b4
23.c4 Rfa8 24.Kc2 b3+ 25.Kc1 Rc7 26.Kb1 Nb4 27.Be4 Bc6 28.Bxc6 Rxc6 29.Nb5 Nc2
30.Na3 Nxa3+ 31.bxa3 Rxa3 32.Rc1 Ra4 33.Rc3 Rb4 34.Rd4 b2 35.Rc2 g6 36.f4 Kg7
37.g3 Kf6 38.Rxb2 Rbxc4 39.Rbd2 Rb6+ 40.Ka1 Rxd4 41.Rxd4 g5  0-1

[Event "Budapest GM"]
[Site "Budapest"]
[Date "1992.??.??"]
[Round "?"]
[White "Tolnai, Tibor"]
[Black "Atalik, Suat"]
[Result "1/2-1/2"]
[WhiteElo "2490"]
[BlackElo "2455"]

1.e4 c5 2.Nf3 d6 3.d4 cxd4 4.Nxd4 Nf6 5.Nc3 Nc6 6.Bg5 e6 7.Qd3 a6 8.O-O-O Bd7
9.f4 h6 10.Bh4 g5 11.fxg5 Ng4 12.Nxc6 Bxc6 13.Kb1 hxg5 14.Bg3 Ne5 15.Qd2 Be7
16.Be2 b5 17.a3 Qb6 18.Rhf1 Rb8 19.Qd4 Qxd4 20.Rxd4  1/2-1/2

[Event "Budapest Nuovo"]
[Site "Budapest"]
[Date "1992.??.??"]
[Round "2"]
[White "Fogarasi, Tibor"]
[Black "Stajcic, Nikola"]
[Result "0-1"]
[WhiteElo "2455"]
[BlackElo "2320"]

1.e4 c5 2.Nf3 d6 3.d4 cxd4 4.Nxd4 Nf6 5.Nc3 Nc6 6.Bg5 e6 7.Qd2 a6 8.O-O-O h6
9.Be3 Be7 10.f4 Nxd4 11.Bxd4 b5 12.Qe3 Bb7 13.a3 Qc7 14.Bd3 Rc8 15.Qf3 O-O
16.g4 e5 17.Be3 exf4 18.Bxf4 Qa5 19.Nd5 Bxd5 20.exd5 Qa4 21.Rhe1 Rfe8 22.g5 hxg5
23.Bxg5 Kf8 24.Kb1 Qg4 25.Qxg4 Nxg4 26.Rxe7 Rxe7 27.Bxe7+ Kxe7 28.Bf5 Rc4
29.b3 Rf4 30.Bc8 a5 31.h3 Nf6 32.Kb2 b4 33.axb4 axb4 34.Bb7 Nd7 35.Bc6 Nc5
36.Ra1 f5 37.Ra8 Ne4 38.Re8+ Kf7 39.Rd8 Nc3 40.Rd7+ Kg8 41.Rb7 Kh7 42.Bd7 Kg6
43.Be6 Kf6 44.Kc1 Rd4 45.Kb2 Ke5 46.Bf7 g5 47.Re7+ Kf6 48.Rb7 Ke5 49.Re7+ Kf4
50.Re1 Rd1 51.Rxd1 Nxd1+ 52.Kc1 Nc3 53.Kd2 Ke4 54.Be8 Nxd5 55.Bc6 Kd4 56.Bd7 Ke5
57.Kd3 Nf4+ 58.Kc4 Nxh3 59.Kxb4 g4 60.Bc6 d5 61.c4 Nf4 62.cxd5 Kd6 63.Bb5 Nxd5+  0-1

[Event "Budapest Nuovo-B"]
[Site "Budapest"]
[Date "1992.??.??"]
[Round "6"]
[White "Almasi, Istvan"]
[Black "Berebora, Ferenc"]
[Result "1-0"]
[WhiteElo "2350"]
[BlackElo "2330"]

1.e4 c5 2.Nf3 Nc6 3.d4 cxd4 4.Nxd4 Nf6 5.Nc3 d6 6.Bg5 e6 7.Qd2 a6 8.O-O-O h6
9.Be3 Bd7 10.f3 Qc7 11.g4 Ne5 12.h4 b5 13.a3 Rb8 14.Kb1 Qb7 15.Na2 Qc7 16.Rg1 g6
17.g5 hxg5 18.hxg5 Nh5 19.f4 Nc4 20.Bxc4 bxc4 21.f5 Bg7 22.f6 Bf8 23.Qc3 Qb7
24.Bc1 Qxe4 25.Rge1 Qb7 26.Nb4 d5 27.Nxd5 Bc5 28.Qxc4 Rc8 29.Qb3 Qa7 30.Qd3 Kf8
31.Nc3 Bxd4 32.Qxd4 Qxd4 33.Rxd4 Bc6 34.Red1 Kg8 35.Rc4 Kh7 36.Rd6 Bb5 37.Rb4 Bf1
38.Rb7 Rhf8 39.Rxe6 Ng3 40.Re1 Bg2 41.Ra7  1-0

[Event "Budapest Nuovo"]
[Site "Budapest"]
[Date "1992.??.??"]
[Round "6"]
[White "Hazai, Laszlo"]
[Black "Stajcic, Nikola"]
[Result "1/2-1/2"]
[WhiteElo "2460"]
[BlackElo "2320"]

1.e4 c5 2.Nf3 d6 3.d4 cxd4 4.Nxd4 Nf6 5.Nc3 Nc6 6.Bg5 e6 7.Qd2 a6 8.O-O-O h6
9.Be3 Be7 10.f4 Nxd4 11.Bxd4 b5 12.Bd3 Bb7 13.Kb1 Qc7 14.Rhe1 Rc8 15.e5 dxe5
16.Bxe5 Qb6 17.Bd4 Bc5 18.Bxf6 gxf6 19.f5 e5 20.Be4 Bc6 21.Bxc6+ Qxc6 22.Ne4 Be7
23.Re3 Rd8 24.Rd3 Rxd3 25.Qxd3 O-O 26.b3 Rd8 27.Qg3+ Kh7 28.Rxd8 Bxd8 29.Qd3 Be7
30.c4 Kg7 31.c5 b4 32.g4 a5 33.Qc4 Kf8 34.Kc2 Ke8 35.Kd3 Qd7+ 36.Ke2 Qc6
37.Kf3 Kf8 38.Kg3 Kg7 39.Kh4 Kf8 40.Kh5 Kg7 41.h4 Bf8 42.g5 hxg5 43.hxg5 Be7
44.gxf6+ Bxf6 45.Kg4  1/2-1/2

[Event "Budapest Nuovo"]
[Site "Budapest"]
[Date "1992.??.??"]
[Round "10"]
[White "Luther, Thomas"]
[Black "Stajcic, Nikola"]
[Result "1-0"]
[WhiteElo "2490"]
[BlackElo "2320"]

1.e4 c5 2.Nf3 d6 3.d4 cxd4 4.Nxd4 Nf6 5.Nc3 Nc6 6.Bg5 e6 7.Qd2 a6 8.O-O-O h6
9.Be3 Be7 10.f4 Nxd4 11.Bxd4 b5 12.Bd3 Bb7 13.Rhe1 Rc8 14.Kb1 O-O 15.h3 Nd7
16.g4 e5 17.Be3 exf4 18.Bxf4 Ne5 19.Bxe5 dxe5 20.Nd5 Bg5 21.Qh2 Re8 22.Qg2 Qd6
23.Qf2 Qg6 24.h4 Be7 25.Rf1 Bc5 26.Qg2 h5 27.Be2 Bd4 28.Rf5 Bxd5 29.exd5 hxg4
30.Bxg4 Rcd8 31.Qe4 Qh6 32.c3 Bc5 33.Rdf1 Rf8 34.Rh5 Qg6 35.Qxg6  1-0

[Event "Eurodata"]
[Site "Budapest"]
[Date "1992.??.??"]
[Round "11"]
[White "Lau, Ralf"]
[Black "Madl, Ildiko"]
[Result "1/2-1/2"]
[WhiteElo "2520"]
[BlackElo "2410"]

1.e4 c5 2.Nf3 d6 3.d4 cxd4 4.Nxd4 Nf6 5.Nc3 Nc6 6.Bg5 e6 7.Qd2 Be7 8.O-O-O O-O
9.f4 h6 10.h4 Nxd4 11.Qxd4 hxg5 12.hxg5 Ng4 13.Be2 e5 14.Qg1 exf4 15.Bxg4 Bxg4
16.Qh2 f5 17.Qh7+ Kf7 18.exf5 Bxg5 19.Ne4 f3+ 20.Kb1 fxg2 21.Qg6+ Kg8 22.Qh7+ Kf7
23.Rh5 Bxd1 24.Qg6+ Kg8 25.Qh7+ Kf7 26.Qg6+ Kg8  1/2-1/2

[Event "Wch U20"]
[Site "Buenos Aires"]
[Date "1992.??.??"]
[Round "?"]
[White "Ciemniak, Robert"]
[Black "Littke, Adam"]
[Result "1/2-1/2"]
[WhiteElo "2415"]
[BlackElo "2270"]

1.e4 c5 2.Nf3 d6 3.d4 cxd4 4.Nxd4 Nf6 5.Nc3 Nc6 6.Bg5 e6 7.Qd2 a6 8.O-O-O h6
9.Be3 Be7 10.f3 Qc7 11.g4 Ne5 12.h4 Bd7 13.Kb1 b5 14.Bd3 b4 15.Nce2 Nc4 16.Bxc4 Qxc4
17.Ng3 O-O-O 18.b3 Qc3 19.Qxc3+ bxc3 20.Rd3 Kb7 21.Rxc3 d5 22.e5 Ne8 23.Rd3 Nc7
24.h5 Nb5 25.Nge2 Nxd4 26.Nxd4 Rc8 27.a4 Rc7 28.Kb2 Rhc8 29.c3 Ka8 30.f4 Rb7
31.a5 Bc5 32.Nc2 Bb5 33.c4  1/2-1/2

[Event "Wch U20"]
[Site "Buenos Aires"]
[Date "1992.??.??"]
[Round "?"]
[White "Egger, Jorge"]
[Black "Scarella, Enrique"]
[Result "1-0"]
[WhiteElo "2460"]
[BlackElo "2410"]

1.e4 c5 2.Nf3 d6 3.d4 cxd4 4.Nxd4 Nf6 5.Nc3 Nc6 6.Bg5 Bd7 7.Qd2 Rc8 8.O-O-O Nxd4
9.Qxd4 Qa5 10.Bd2 e5 11.Qd3 a6 12.Kb1 Be6 13.Nd5 Qd8 14.Bg5 Bxd5 15.exd5 Be7
16.g3 O-O 17.Bc1 Qa5 18.Bg2 Rc7 19.f4 exf4 20.Bxf4 Nd7 21.Qd2 Qb5 22.c4 Qa4
23.Rhe1 Nb6 24.b3 Qd7 25.Be3 Nc8 26.Bd4 b5 27.cxb5 axb5 28.Qf4 b4 29.Bb2 Na7
30.Qxb4 Rfc8 31.Rc1 Bg5 32.Rxc7 Qxc7 33.Bh3 Rb8 34.Qg4 h6 35.Qd7 Qxd7 36.Bxd7 Kf8
37.a4 Rd8 38.Bf5 g6 39.Bd3 Nc8 40.Bd4 Bd2 41.Re2 Bg5 42.Bb5 Ne7 43.Bc6 Nf5
44.Bc3 h5 45.b4 Be3 46.b5 Bc5 47.a5 Nd4 48.Rb2  1-0

[Event "Buenos Aires Najdorf qual"]
[Site "Buenos Aires"]
[Date "1992.??.??"]
[Round "9"]
[White "Zarnicki, Pablo"]
[Black "Mendez, Ernesto"]
[Result "1-0"]
[WhiteElo "2385"]
[BlackElo "2345"]

1.e4 c5 2.Nf3 Nc6 3.d4 cxd4 4.Nxd4 Nf6 5.Nc3 d6 6.Bg5 e6 7.Qd2 Be7 8.O-O-O a6
9.Bxf6 gxf6 10.f4 Bd7 11.Bc4 Qa5 12.f5 Nxd4 13.Qxd4 Rc8 14.Bb3 Qc5 15.Qd2 h5
16.Ne2 Qe5 17.Nf4 Bf8 18.Kb1 Rh6 19.Rhf1 Rc6 20.Nd3 Qxh2 21.Qf2 h4 22.Qa7 h3
23.gxh3 Rxh3 24.fxe6 fxe6 25.Qxb7 Rc8 26.Ba4 Rd8 27.Bxd7+ Rxd7 28.Qc8+  1-0

[Event "Caciulata"]
[Site "Calimanesti"]
[Date "1992.??.??"]
[Round "?"]
[White "Timoshenko, Georgy"]
[Black "Lanka, Zigurds"]
[Result "1/2-1/2"]
[WhiteElo "2480"]
[BlackElo "2490"]

1.e4 c5 2.Nf3 Nc6 3.d4 cxd4 4.Nxd4 Nf6 5.Nc3 d6 6.Bg5 e6 7.Qd2 a6 8.O-O-O h6
9.Be3 Qc7 10.f4 Bd7 11.h3 b5 12.Bd3 Na5 13.Qf2 Nc4 14.Kb1 Rc8 15.Bxc4 Qxc4
16.e5 b4 17.exf6 bxc3 18.b3 Qb4 19.f5 e5 20.fxg7 Bxg7 21.f6 Bf8 22.Nf5 Rg8
23.Bc1 Be6 24.Rd3 d5 25.Rhd1 Rd8 26.Ng7+ Bxg7 27.Rg3 d4 28.Rxg7 Rf8 29.Qe2 Qb5
30.Re1  1/2-1/2

[Event "Candas op"]
[Site "Candas"]
[Date "1992.??.??"]
[Round "6"]
[White "Mainka, Romuald"]
[Black "Garcia Ilundain, David"]
[Result "0-1"]
[WhiteElo "2455"]
[BlackElo "2435"]

1.e4 c5 2.Nf3 d6 3.d4 cxd4 4.Nxd4 Nf6 5.Nc3 Nc6 6.Bg5 e6 7.Qd2 a6 8.O-O-O Bd7
9.f4 b5 10.Bxf6 gxf6 11.Nxc6 Bxc6 12.Bd3 Qb6 13.Kb1 b4 14.Ne2 Qc5 15.f5 e5
16.Nc1 a5 17.Qe2 a4 18.Bc4 Bh6 19.b3 Bxc1 20.Rxc1 Ke7 21.Rcd1 Ra5 22.Rd2 Rd8
23.Rhd1 Bb5 24.Bxb5 Qxb5 25.Qe1 Qb7 26.Qe3 h5 27.g3 Ra6 28.Rd5 axb3 29.cxb3 Rc8
30.Qd3 Rc3 31.Qb5 Rb6 32.Qa5 Rc8 33.R5d3 Rc5  0-1

[Event "Cannes op"]
[Site "Cannes"]
[Date "1992.??.??"]
[Round "?"]
[White "Tatai, Stefano"]
[Black "Bernard, Christophe"]
[Result "1/2-1/2"]
[WhiteElo "2410"]
[BlackElo "2270"]

1.e4 c5 2.Nf3 d6 3.d4 cxd4 4.Nxd4 Nf6 5.Nc3 Nc6 6.Bg5 e6 7.Qd2 Be7 8.O-O-O O-O
9.f4 h6 10.Bxf6 Bxf6 11.Ndb5 e5 12.g3 Bg4 13.Be2 Bxe2 14.Qxe2 Be7 15.fxe5 Nxe5
16.Nd5 Bg5+ 17.Kb1 a6 18.Nd4 Re8 19.Nf5 g6 20.h4 gxf5 21.hxg5 Ng4 22.gxh6 Rxe4
23.Qd2 Rc8 24.Rhf1 Re5 25.Rf3 Rc5 26.Rd3 Re6 27.Rd4 Rg6 28.b4 Rc8 29.Qf4 Nxh6
30.Re1 Kh7 31.Ne7 Rg4 32.Qd2 Rxd4 33.Qxd4 Qh8 34.Qh4 Qc3 35.Rh1 Qxc2+ 36.Ka1 Qc3+
37.Kb1 Qc2+ 38.Ka1 Qc3+ 39.Kb1 Qd3+ 40.Ka1  1/2-1/2

[Event "Cannes op"]
[Site "Cannes"]
[Date "1992.??.??"]
[Round "?"]
[White "Boudre, Jean Pierre"]
[Black "Spraggett, Kevin"]
[Result "1/2-1/2"]
[WhiteElo "2380"]
[BlackElo "2545"]

1.e4 c5 2.Nf3 d6 3.d4 cxd4 4.Nxd4 Nf6 5.Nc3 Nc6 6.Bg5 e6 7.Qd2 a6 8.O-O-O h6
9.Bf4 Bd7 10.Nxc6 Bxc6 11.f3 d5 12.Qe1 Bb4 13.a3 Ba5 14.Bd2 Qe7 15.e5 Nd7
16.Kb1 Bc7 17.f4 f6 18.exf6 gxf6 19.Be2 O-O-O 20.Be3 f5 21.Bd4 Rhg8 22.Bf3 Qf7
23.Qh4 Bb6 24.Ne2 Bxd4 25.Nxd4 Nf6 26.Rhe1 Bd7 27.Qf2 Kb8 28.Nb3 Bc8 29.Nc5 Ne4
30.Qd4 Qc7 31.Nd3 b6 32.Ne5 Bb7 33.Re3 Ka7 34.g3 h5 35.Re2 Rh8 36.Bxe4 dxe4
37.Qg1 Rxd1+ 38.Qxd1 h4 39.Re3 hxg3 40.hxg3 Rd8 41.Qe1 b5 42.Rc3 Qb6 43.b3 Qd4  1/2-1/2

[Event "JUG-chT"]
[Site "Cetinje"]
[Date "1992.??.??"]
[Round "?"]
[White "Dolmatov, Sergey"]
[Black "Ivanovic, Bozidar"]
[Result "0-1"]
[WhiteElo "2610"]
[BlackElo "2470"]

1.e4 c5 2.Nf3 Nc6 3.d4 cxd4 4.Nxd4 Nf6 5.Nc3 d6 6.Bg5 e6 7.Qd2 a6 8.O-O-O Bd7
9.f4 b5 10.Bxf6 gxf6 11.Nxc6 Bxc6 12.Qe1 Be7 13.Bd3 Qb6 14.Kb1 Qc5 15.Rf1 b4
16.Ne2 a5 17.f5 e5 18.Nc1 a4 19.b3 Rg8 20.Qe2 Bf8 21.Bc4 Ra7 22.Bd5 Bb5 23.Nd3 axb3
24.cxb3 Bh6 25.Rf3 Rc7 26.Qb2 Qc3 27.Qf2 Ke7 28.Ne1 Qc5 29.Nc2 Qxc2+ 30.Qxc2 Rxc2
31.Kxc2 Rxg2+ 32.Kb1 Be2 33.Rh3 Bf4 34.Rc1 Bxc1 35.Kxc1 h5 36.Rg3 Rxg3 37.hxg3 Kf8
38.Kd2 Bb5 39.Ke3 Ke7 40.Kd2 Kf8 41.Ke3 Kg7 42.Kd2 Kh6 43.Ke3 Kg5 44.Bxf7 Kg4
45.Bg6 Ba6 46.Be8 Bb7 47.Bf7 Bc6 48.Kd3 Kxg3 49.Bxh5 Kf4 50.Kc4 Bxe4 51.Kxb4 Bf3
52.Be8 d5 53.a4 d4 54.a5 e4 55.Kc4 e3  0-1

[Event "JUG-chT"]
[Site "Cetinje"]
[Date "1992.??.??"]
[Round "?"]
[White "Aleksic, Nenad"]
[Black "Vukovic, Zdravko"]
[Result "0-1"]
[WhiteElo "2410"]
[BlackElo "2430"]

1.e4 c5 2.Nf3 Nc6 3.d4 cxd4 4.Nxd4 Nf6 5.Nc3 d6 6.Bg5 e6 7.Qd3 a6 8.O-O-O h6
9.Bh4 g5 10.Bg3 Ne5 11.Qe2 Bd7 12.h4 Rg8 13.hxg5 hxg5 14.Nf3 Qc7 15.Nxe5 dxe5
16.Qc4 Qa5 17.Qb3 O-O-O 18.Be2 Be7 19.f3 Bc6 20.Be1 Nd7 21.Nb1 g4 22.Bh4 Bxh4
23.Rxh4 Nc5 24.Qe3 Rxd1+ 25.Kxd1 Qd8+ 26.Nd2 Qxh4 27.Qxc5 gxf3 28.Bxa6 Qh1+
29.Nf1 Rd8+ 30.Ke1 Qh4+ 31.g3 Qxe4+ 32.Ne3 f2+  0-1

[Event "JUG-chT"]
[Site "Cetinje"]
[Date "1992.??.??"]
[Round "?"]
[White "Aleksic, Nenad"]
[Black "Mukhametov, Eldar"]
[Result "1/2-1/2"]
[WhiteElo "2410"]
[BlackElo "2395"]

1.e4 c5 2.Nf3 d6 3.d4 cxd4 4.Nxd4 Nf6 5.Nc3 Nc6 6.Bg5 e6 7.Qd3 Be7 8.O-O-O O-O
9.f4 e5 10.Nxc6 bxc6 11.fxe5 dxe5 12.Qxd8 Rxd8 13.Rxd8+ Bxd8 14.Bc4 Kf8 15.Rf1 Ke7
16.Nb1 Bb6 17.Nd2 h6 18.Bh4 g5 19.Bg3 Be6 20.Bxe5 Nxe4 21.Bd3 Nf2 22.Nc4 Bc5
23.Bg3 Nxd3+ 24.cxd3 f5 25.Be5 Bxc4 26.dxc4 Be3+ 27.Kc2 Rd8 28.Rd1 Rxd1 29.Kxd1 Ke6
30.Bg7 h5 31.b4 f4 32.h3 Kf5 33.a4 g4 34.hxg4+ hxg4 35.Ke2 Ke4 36.b5 cxb5
37.cxb5 f3+ 38.gxf3+ gxf3+ 39.Ke1 Kd5 40.a5 Kc5  1/2-1/2

[Event "JUG-chT"]
[Site "Cetinje"]
[Date "1992.??.??"]
[Round "?"]
[White "Matulovic, Milan"]
[Black "Miranovic, Rajko"]
[Result "1/2-1/2"]
[WhiteElo "2450"]
[BlackElo "2380"]

1.e4 c5 2.Nf3 d6 3.d4 cxd4 4.Nxd4 Nf6 5.Nc3 Nc6 6.Bg5 Bd7 7.Qd2 Rc8 8.O-O-O Nxd4
9.Qxd4 Qa5 10.Bd2 g6 11.Bc4 Bg7 12.Bb3 O-O 13.Nd5 Qd8 14.Nxf6+ Bxf6 15.Qxa7 Qc7
16.Qa5 Qc6 17.Qb4 Be6 18.Rhe1 Rc7 19.Re3 Rfc8 20.c3 Bxb3 21.Qxb3 Qa6 22.Kb1 Rc5
23.Qc2 Ra5 24.a3 Rc6 25.Bc1 Rb6 26.b4 Bg5 27.Qd3 Rbb5 28.c4 Rb6 29.Bb2 Bxe3
30.bxa5 Rxb2+ 31.Kxb2 Bxf2 32.Rf1 Bc5 33.Qc3 e5 34.Ka2 Qc6 35.Qd3 Qa4 36.Rb1 Qxa5
37.Rxb7 Bd4 38.Rb5 Qe1 39.Rb8+ Kg7 40.Qc2 Qa1+ 41.Kb3 Bc5 42.Ra8 h5 43.Ra5 Qg1
44.Rxc5 Qxc5 45.Qd2  1/2-1/2